<?xml version="1.0" encoding="UTF-8"?>
<record
    xmlns:xsi="http://www.w3.org/2001/XMLSchema-instance"
    xsi:schemaLocation="http://www.loc.gov/MARC21/slim http://www.loc.gov/standards/marcxml/schema/MARC21slim.xsd"
    xmlns="http://www.loc.gov/MARC21/slim">

  <leader>00352nam a2200145Ia 4500</leader>
  <controlfield tag="008">150201s2001    xx            000 0 und d</controlfield>
  <datafield tag="082" ind1=" " ind2=" ">
    <subfield code="a">610</subfield>
    <subfield code="b">M2001A</subfield>
  </datafield>
  <datafield tag="100" ind1=" " ind2=" ">
    <subfield code="a">ALAGAPAN</subfield>
  </datafield>
  <datafield tag="245" ind1=" " ind2=" ">
    <subfield code="a">MANUALOF PRACTICAL MEDICINE</subfield>
  </datafield>
  <datafield tag="250" ind1=" " ind2=" ">
    <subfield code="a">2ND</subfield>
  </datafield>
  <datafield tag="260" ind1=" " ind2=" ">
    <subfield code="b">JAYPEE MEDICAL PUBLISHER</subfield>
    <subfield code="a">DELHI</subfield>
    <subfield code="c">2001</subfield>
  </datafield>
  <datafield tag="300" ind1=" " ind2=" ">
    <subfield code="a">1-579</subfield>
  </datafield>
  <datafield tag="650" ind1=" " ind2=" ">
    <subfield code="a">MEDICINE</subfield>
  </datafield>
  <datafield tag="942" ind1=" " ind2=" ">
    <subfield code="2">ddc</subfield>
    <subfield code="c">BK</subfield>
    <subfield code="0">16</subfield>
  </datafield>
  <datafield tag="952" ind1=" " ind2=" ">
    <subfield code="0">0</subfield>
    <subfield code="1">0</subfield>
    <subfield code="2">ddc</subfield>
    <subfield code="4">0</subfield>
    <subfield code="7">0</subfield>
    <subfield code="a">FD</subfield>
    <subfield code="b">FD</subfield>
    <subfield code="d">2003-09-08</subfield>
    <subfield code="e">U.B.S</subfield>
    <subfield code="g">450.00</subfield>
    <subfield code="h">1</subfield>
    <subfield code="i">SGTU</subfield>
    <subfield code="l">0</subfield>
    <subfield code="o">610 M2001A</subfield>
    <subfield code="p">FD1335</subfield>
    <subfield code="r">2015-02-09 00:00:00</subfield>
    <subfield code="w">2012-02-25</subfield>
    <subfield code="y">BK</subfield>
    <subfield code="k">555</subfield>
  </datafield>
  <datafield tag="952" ind1=" " ind2=" ">
    <subfield code="0">0</subfield>
    <subfield code="1">0</subfield>
    <subfield code="2">ddc</subfield>
    <subfield code="4">0</subfield>
    <subfield code="7">0</subfield>
    <subfield code="a">FD</subfield>
    <subfield code="b">FD</subfield>
    <subfield code="d">2003-09-08</subfield>
    <subfield code="e">U.B.S</subfield>
    <subfield code="g">450.00</subfield>
    <subfield code="h">1</subfield>
    <subfield code="i">SGTU</subfield>
    <subfield code="l">5</subfield>
    <subfield code="o">610 M2001A</subfield>
    <subfield code="p">FD1336</subfield>
    <subfield code="r">2024-03-22 00:00:00</subfield>
    <subfield code="s">2024-03-15</subfield>
    <subfield code="w">2012-02-25</subfield>
    <subfield code="y">BK</subfield>
    <subfield code="k">555</subfield>
  </datafield>
  <datafield tag="952" ind1=" " ind2=" ">
    <subfield code="0">0</subfield>
    <subfield code="1">0</subfield>
    <subfield code="2">ddc</subfield>
    <subfield code="4">0</subfield>
    <subfield code="7">0</subfield>
    <subfield code="a">FD</subfield>
    <subfield code="b">FD</subfield>
    <subfield code="d">2003-09-08</subfield>
    <subfield code="e">U.B.S</subfield>
    <subfield code="g">450.00</subfield>
    <subfield code="h">1</subfield>
    <subfield code="i">SGTU</subfield>
    <subfield code="l">4</subfield>
    <subfield code="o">610 M2001A</subfield>
    <subfield code="p">FD1337</subfield>
    <subfield code="r">2022-10-18 00:00:00</subfield>
    <subfield code="s">2022-10-18</subfield>
    <subfield code="w">2012-02-25</subfield>
    <subfield code="y">BK</subfield>
    <subfield code="k">555</subfield>
  </datafield>
  <datafield tag="952" ind1=" " ind2=" ">
    <subfield code="0">0</subfield>
    <subfield code="1">0</subfield>
    <subfield code="2">ddc</subfield>
    <subfield code="4">0</subfield>
    <subfield code="7">0</subfield>
    <subfield code="a">FD</subfield>
    <subfield code="b">FD</subfield>
    <subfield code="d">2003-09-08</subfield>
    <subfield code="e">U.B.S</subfield>
    <subfield code="g">450.00</subfield>
    <subfield code="h">1</subfield>
    <subfield code="i">SGTU</subfield>
    <subfield code="l">2</subfield>
    <subfield code="o">610 M2001A</subfield>
    <subfield code="p">FD1338</subfield>
    <subfield code="r">2025-01-17 00:00:00</subfield>
    <subfield code="s">2025-01-16</subfield>
    <subfield code="w">2012-02-25</subfield>
    <subfield code="y">BK</subfield>
    <subfield code="k">555</subfield>
  </datafield>
  <datafield tag="952" ind1=" " ind2=" ">
    <subfield code="0">0</subfield>
    <subfield code="1">0</subfield>
    <subfield code="2">ddc</subfield>
    <subfield code="4">0</subfield>
    <subfield code="7">0</subfield>
    <subfield code="a">FD</subfield>
    <subfield code="b">FD</subfield>
    <subfield code="d">2003-09-08</subfield>
    <subfield code="e">U.B.S</subfield>
    <subfield code="g">450.00</subfield>
    <subfield code="h">1</subfield>
    <subfield code="i">SGTU</subfield>
    <subfield code="l">4</subfield>
    <subfield code="o">610 M2001A</subfield>
    <subfield code="p">FD1339</subfield>
    <subfield code="r">2023-08-23 00:00:00</subfield>
    <subfield code="s">2023-08-16</subfield>
    <subfield code="w">2012-02-25</subfield>
    <subfield code="y">BK</subfield>
    <subfield code="k">555</subfield>
  </datafield>
  <datafield tag="952" ind1=" " ind2=" ">
    <subfield code="0">0</subfield>
    <subfield code="1">0</subfield>
    <subfield code="2">ddc</subfield>
    <subfield code="4">0</subfield>
    <subfield code="7">0</subfield>
    <subfield code="a">FD</subfield>
    <subfield code="b">FD</subfield>
    <subfield code="d">2003-09-08</subfield>
    <subfield code="e">U.B.S</subfield>
    <subfield code="g">450.00</subfield>
    <subfield code="h">1</subfield>
    <subfield code="i">SGTU</subfield>
    <subfield code="l">3</subfield>
    <subfield code="o">610 M2001A</subfield>
    <subfield code="p">FD1340</subfield>
    <subfield code="r">2022-10-18 00:00:00</subfield>
    <subfield code="s">2022-10-18</subfield>
    <subfield code="w">2012-02-25</subfield>
    <subfield code="y">BK</subfield>
    <subfield code="k">555</subfield>
  </datafield>
  <datafield tag="952" ind1=" " ind2=" ">
    <subfield code="0">0</subfield>
    <subfield code="1">0</subfield>
    <subfield code="2">ddc</subfield>
    <subfield code="4">0</subfield>
    <subfield code="7">0</subfield>
    <subfield code="a">FD</subfield>
    <subfield code="b">FD</subfield>
    <subfield code="d">2003-09-08</subfield>
    <subfield code="e">U.B.S</subfield>
    <subfield code="g">450.00</subfield>
    <subfield code="h">1</subfield>
    <subfield code="i">SGTU</subfield>
    <subfield code="l">1</subfield>
    <subfield code="o">610 M2001A</subfield>
    <subfield code="p">FD1341</subfield>
    <subfield code="r">2022-10-18 00:00:00</subfield>
    <subfield code="s">2022-10-18</subfield>
    <subfield code="w">2012-02-25</subfield>
    <subfield code="y">BK</subfield>
    <subfield code="k">555</subfield>
  </datafield>
  <datafield tag="999" ind1=" " ind2=" ">
    <subfield code="c">2813</subfield>
    <subfield code="d">2813</subfield>
  </datafield>
</record>
